| 000 | 00755cam a2200205 4500 | ||
|---|---|---|---|
| 001 | WB3736-09 | ||
| 008 | 010926n2001 000 0 eng u | ||
| 035 | _a(Sirsi) u114848 | ||
| 245 | _aPension funds into property | ||
| 260 | _c2001 | ||
| 490 |
_aEstates Gazette _v(0138) 22 September 2001, 41(1) |
||
| 520 | _aPension funds are investing more in property since the poor performance of equities. Property is seen as halfway between equities and bonds, with property producing quicker yields than bonds. | ||
| 590 | _aWB | ||
| 650 | _aPENSION FUNDS | ||
| 650 | _aPROPERTY INVESTMENT | ||
| 650 | _aYIELDS | ||
| 650 | _aINSTITUTIONAL INVESTMENT | ||
| 690 | _aPROPERTY-COMMERCIAL PROPERTY-COMMERCIAL PROPERTY FINANCE AND INVESTMENT | ||
| 942 | _n0 | ||
| 999 |
_c68378 _d68378 |
||